College Baseball Winningest Programs - Statistics

General Stats
  • This quiz has been taken 198 times
  • The average score is 6 of 25
Answer Stats
Wins Answer Conf. % Correct
3,526 Texas Big 12
78%
2,970 Michigan Big Ten
65%
2,956 Stanford Pac-12
50%
2,936 Florida State ACC
43%
2,891 Clemson ACC
29%
2,910 Arizona State Pac-12
26%
2,710 Mississippi State SEC
26%
2,749 Texas A&M SEC
23%
2,889 North Carolina ACC
22%
2,871 Arizona Pac-12
21%
2,641 LSU SEC
21%
2,670 Oklahoma State Big 12
20%
4,627 Fordham A10
19%
2,600 Florida SEC
17%
2,668 Minnesota Big Ten
14%
2,919 Southern Cal Pac-12
14%
2,719 Washington State Pac-12
12%
2,652 Alabama SEC
11%
2,646 South Carolina SEC
11%
2,625 Oklahoma Big 12
9%
2,651 Illinois Big Ten
6%
2,629 Ohio State Big Ten
6%
2,639 California Pac-12
5%
2,641 Fresno State MWC
4%
2,648 Miami (FL) ACC
2%
No matching quizzes found
Score Distribution
Percent of People with Each Score
Percentile by Number Answered
Your Score History
You have not taken this quiz